Last day on earth

Bibliographic Details
Main Author: Lane, Andrew
Format: Book
Published: London : Piccadilly Press Ltd. , 2019
Subjects:

MARC

LEADER 00000cam a2200000 7i4500
001 0000278772
005 20200922151038.0
020 |a 9781848126695 
090 0 0 |a F   |b LAN 
100 1 |a Lane, Andrew 
245 1 0 |a Last day on earth   |c Andrew Lane 
260 |a London :   |b Piccadilly Press Ltd. ,   |c 2019 
300 |a 278p. ;   |c 20cm. 
650 0 |a Fiction 
999 |a 00384492   |b BUKU   |c PINJAMAN   |e PERPUSTAKAAN KOMUNITI PETALING JAYA